[Event "ENG-ch Seniors 65"]
[Site "Kenilworth"]
[Date "2025.04.25"]
[Round "3"]
[White "Campbell, Ian"]
[Black "De Coverly, Roger D"]
[Result "0-1"]
[WhiteElo "1959"]
[BlackElo "1918"]
[PlyCount "84"]
[EventDate "2025.04.24"]
[EventType "swiss"]
[EventRounds "7"]
[EventCountry "ENG"]
[SourceTitle "CB18_2025"]
[SourceDate "2025.04.30"]
[SourceVersion "1"]
[SourceVersionDate "2025.04.30"]
[SourceQuality "1"]

1. d4 Nf6 2. Nf3 g6 3. b3 Bg7 4. Bb2 0-0 5. Nbd2 d5 6. e3 b6 7. Be2 Bb7 8. c4 Nbd7 9. 0-0 c5 10. Re1 cxd4 11. exd4 Rc8 12. Rc1 Re8 13. Ne5 Ne4 14. cxd5 Rxc1 15. Qxc1 Nxd2 16. Qxd2 Bxd5 17. Bb5 Bxe5 18. dxe5 e6 19. Rc1 a6 20. Bxa6 Nc5 21. Bf1 Qa8 22. Bd4 Rd8 23. Bxc5 bxc5 24. Qb2 Qa5 25. h3 Be4 26. f3 Bb7 27. a4 Qb6 28. Bc4 Rd4 29. Qe2 Qd8 30. Qe3 Kg7 31. Kh2 Qa5 32. Rc2 Qc7 33. Re2 h6 34. g3 Bc6 35. Rc2 Qa5 36. h4 Qb4 37. Qe2 Qb7 38. Rc3 Qb4 39. Rd3 Rxd3 40. Qxd3 Qe1 41. Qe2 Qc3 42. g4 Bxf3 0-1

[Event "GBR-ch 65+ 106th"]
[Site "Torquay"]
[Date "2019.08.03"]
[Round "6.10"]
[White "Towers, Nigel S"]
[Black "Campbell, Ian"]
[Result "1/2-1/2"]
[WhiteElo "1830"]
[BlackElo "1945"]
[PlyCount "34"]
[EventDate "2019.07.29"]
[EventType "swiss"]
[EventRounds "7"]
[EventCountry "ENG"]
[SourceTitle "EXT 2021"]
[Source "ChessBase"]
[SourceDate "2020.10.23"]
[SourceVersion "1"]
[SourceVersionDate "2020.10.23"]
[SourceQuality "1"]

1. e4 g6 2. d4 Bg7 3. Nf3 d6 4. c4 c5 5. Nc3 cxd4 6. Nxd4 Bd7 7. Be2 Nc6 8. Be3 Nf6 9. 0-0 0-0 10. Rc1 a6 11. f3 Rc8 12. Qd2 Re8 13. Nd5 Nxd5 14. cxd5 Nxd4 15. Bxd4 Bxd4+ 16. Qxd4 Qa5 17. a3 Bb5 1/2-1/2

[Event "GBR-ch 65+ 106th"]
[Site "Torquay"]
[Date "2019.08.02"]
[Round "5.9"]
[White "Campbell, Ian"]
[Black "Jones, Chris"]
[Result "1/2-1/2"]
[WhiteElo "1945"]
[BlackElo "2036"]
[PlyCount "20"]
[EventDate "2019.07.29"]
[EventType "swiss"]
[EventRounds "7"]
[EventCountry "ENG"]
[SourceTitle "EXT 2021"]
[Source "ChessBase"]
[SourceDate "2020.10.23"]
[SourceVersion "1"]
[SourceVersionDate "2020.10.23"]
[SourceQuality "1"]

1. Nf3 Nf6 2. b3 g6 3. Bb2 Bg7 4. e3 0-0 5. d4 b6 6. Be2 c5 7. 0-0 d5 8. Nbd2 Nbd7 9. c4 Bb7 10. Rc1 Rc8 1/2-1/2

[Event "BCF-ch Seniors 65"]
[Site "Bournemouth"]
[Date "2016.07.28"]
[Round "5"]
[White "Campbell, Ian"]
[Black "Price, Andrew"]
[Result "1/2-1/2"]
[WhiteElo "1994"]
[BlackElo "1787"]
[PlyCount "179"]
[EventDate "2016.07.24"]
[EventType "swiss"]
[EventRounds "7"]
[EventCountry "ENG"]
[SourceTitle "CBM 173 Extra"]
[Source "ChessBase"]
[SourceDate "2016.08.29"]
[SourceVersion "1"]
[SourceVersionDate "2016.08.29"]
[SourceQuality "1"]

1. Nf3 d5 2. e3 Nf6 3. b3 e6 4. Bb2 Bd6 5. d4 0-0 6. Bd3 b6 7. Nbd2 Ba6 8. c4 c5 9. 0-0 Nbd7 10. Ne5 cxd4 11. exd4 Rc8 12. Qe2 Re8 13. Rfe1 Nf8 14. g3 dxc4 15. Ndxc4 Bb4 16. Red1 Qd5 17. a3 Bb7 18. f3 Be7 19. Nd2 Rc7 20. Rac1 Rec8 21. Rxc7 Rxc7 22. Bc4 Qd8 23. Ne4 Nd5 24. Rd2 Qc8 25. a4 Bb4 26. Rc2 Qa8 27. Kf2 Qd8 28. Bd3 f6 29. Nc4 f5 30. Ned2 Nc3 31. Rxc3 Qxd4+ 32. Qe3 Qxe3+ 33. Kxe3 Bxc3 34. Bxc3 Nd7 35. Bd4 Bd5 36. b4 Kf7 37. Nd6+ Kf8 38. Nb5 Rb7 39. Nc3 e5 40. Nxd5 exd4+ 41. Kxd4 g6 42. Bb5 Nb8 43. f4 a6 44. Bc4 Nc6+ 45. Kc3 b5 46. axb5 axb5 47. Bb3 Ra7 48. Nf3 Ra1 49. Ne5 Na7 50. Kd2 Rh1 51. Nf3 Rb1 52. Bc2 Rf1 53. Ke2 Rc1 54. Bd3 Kf7 55. Kd2 Ra1 56. Ke3 Ra3 57. Ne5+ Kg7 58. h3 Ra2 59. Be2 Rb2 60. g4 Rb3+ 61. Bd3 fxg4 62. hxg4 h5 63. gxh5 gxh5 64. f5 Nc8 65. f6+ Kf8 66. Kf4 Nd6 67. Bg6 h4 68. Nd7+ Kg8 69. Ne7+ Kh8 70. Nf5 Rxb4+ 71. Kg5 Ne4+ 72. Kh6 Nxf6 73. Nxf6 h3 74. Ng3 Rd4 75. Be4 b4 76. Kg5 h2 77. Kf4 b3 78. Ke3 Rd1 79. Kf2 b2 80. Ng4 h1Q 81. Nxh1 Rxh1 82. Ne3 b1Q 83. Bxb1 Rxb1 84. Kf3 Kg7 85. Kf4 Rb4+ 86. Ke5 Kg6 87. Nd5 Rb5 88. Kd6 Kf7 89. Kc6 Rb3 90. Kd6 1/2-1/2

[Event "BCF-ch Seniors 65"]
[Site "Bournemouth"]
[Date "2016.07.27"]
[Round "4"]
[White "Stimpson, Philip M"]
[Black "Campbell, Ian"]
[Result "0-1"]
[WhiteElo "1946"]
[BlackElo "1994"]
[PlyCount "82"]
[EventDate "2016.07.24"]
[EventType "swiss"]
[EventRounds "7"]
[EventCountry "ENG"]
[SourceTitle "CBM 173 Extra"]
[Source "ChessBase"]
[SourceDate "2016.08.29"]
[SourceVersion "1"]
[SourceVersionDate "2016.08.29"]
[SourceQuality "1"]

1. e4 g6 2. d4 Bg7 3. Nc3 d6 4. f4 e6 5. Nf3 Ne7 6. Be3 a6 7. Qd2 b5 8. Bd3 Bb7 9. 0-0 h6 10. Ne2 Qd7 11. c3 f5 12. Ng3 0-0 13. h4 h5 14. Ng5 Nbc6 15. a4 Nd8 16. axb5 axb5 17. Qe2 c6 18. Nxh5 gxh5 19. Qxh5 Rf6 20. Rxa8 Bxa8 21. Ra1 Bb7 22. g3 Rh6 23. Qe2 Bc8 24. b4 fxe4 25. Bxe4 Nf5 26. Bf2 d5 27. Bf3 Rf6 28. h5 Nd6 29. Qc2 Bh6 30. Kg2 Qg7 31. Be3 N8f7 32. Ra7 Bb7 33. Nxf7 Rxf7 34. Qg6 Qxg6 35. hxg6 Re7 36. g4 Bg7 37. Ra1 Re8 38. Re1 Bc8 39. Bf2 Bd7 40. Bg3 Nc4 41. f5 exf5 0-1

[Event "Guernsey op 41st"]
[Site "Vale"]
[Date "2015.10.23"]
[Round "6"]
[White "Campbell, Ian"]
[Black "French, Max"]
[Result "1-0"]
[WhiteElo "1996"]
[BlackElo "1824"]
[PlyCount "71"]
[EventDate "2015.10.18"]
[EventType "swiss"]
[EventRounds "7"]
[EventCountry "GCI"]
[SourceTitle "EXT 2017"]
[Source "ChessBase"]
[SourceDate "2016.10.25"]
[SourceVersion "1"]
[SourceVersionDate "2016.10.25"]
[SourceQuality "1"]

1. d4 Nf6 2. Nf3 e6 3. g3 d5 4. Bg2 Be7 5. Nbd2 0-0 6. 0-0 b6 7. b3 Bb7 8. Bb2 Nbd7 9. c4 Rc8 10. Rc1 c5 11. a3 a5 12. Re1 cxd4 13. Nxd4 Bc5 14. e3 Qe7 15. a4 Ne5 16. Qe2 Ba6 17. Nb5 Nc6 18. Red1 Bxb5 19. axb5 Nb4 20. Nf3 dxc4 21. bxc4 Nd7 22. Nd4 Ne5 23. f4 Nd7 24. Nc6 Nxc6 25. Bxc6 Nf6 26. Kg2 Rfd8 27. e4 Rxd1 28. Rxd1 Rd8 29. h3 Rxd1 30. Qxd1 Qd6 31. Qxd6 Bxd6 32. e5 Bb4 33. exf6 a4 34. fxg7 a3 35. Ba1 Bd2 36. c5 1-0

[Event "Guernsey op 41st"]
[Site "Vale"]
[Date "2015.10.18"]
[Round "1"]
[White "Cherniaev, Alexander"]
[Black "Campbell, Ian"]
[Result "1-0"]
[WhiteElo "2458"]
[BlackElo "1996"]
[PlyCount "93"]
[EventDate "2015.10.18"]
[EventType "swiss"]
[EventRounds "7"]
[EventCountry "GCI"]
[SourceTitle "CBM 168 Extra"]
[Source "ChessBase"]
[SourceDate "2015.10.29"]
[SourceVersion "1"]
[SourceVersionDate "2015.10.29"]
[SourceQuality "1"]

1. e4 g6 2. Nc3 d6 3. f4 Bg7 4. Nf3 e6 5. d4 Ne7 6. Be3 a6 7. a4 b6 8. Be2 Nd7 9. 0-0 Bb7 10. Kh1 Nf6 11. Nd2 Qd7 12. Bf3 h5 13. Bg1 d5 14. e5 Nfg8 15. a5 Nh6 16. axb6 cxb6 17. Na4 Nc8 18. b3 Nf5 19. g3 Qd8 20. Bf2 Ra7 21. Re1 Bf8 22. Kg1 Be7 23. Nf1 Bf8 24. c3 Qd7 25. Ra2 Bh6 26. Bg2 Kf8 27. h3 Qd8 28. Qf3 Kg8 29. Bh1 Bf8 30. g4 hxg4 31. hxg4 Nh4 32. Qd3 Bc6 33. Bg3 Ne7 34. Ne3 Bd7 35. Rf2 Bb5 36. Qb1 Rc7 37. Nd1 Rc8 38. Nab2 Qd7 39. Qc1 g5 40. f5 Bh6 41. f6 Neg6 42. Rh2 a5 43. Qd2 a4 44. bxa4 Bxa4 45. Nf2 Bb3 46. Nh3 Qc6 47. Rc1 1-0

[Event "BCF-ch Seniors"]
[Site "Aberystwyth"]
[Date "2014.07.29"]
[Round "4"]
[White "Campbell, Ian"]
[Black "Plater, Ronald"]
[Result "0-1"]
[WhiteElo "2001"]
[BlackElo "1897"]
[PlyCount "64"]
[EventDate "2014.07.26"]
[EventType "swiss"]
[EventRounds "7"]
[EventCountry "WLS"]
[SourceTitle "EXT 2017"]
[Source "ChessBase"]
[SourceDate "2016.10.25"]
[SourceVersion "1"]
[SourceVersionDate "2016.10.25"]
[SourceQuality "1"]

1. c4 Nf6 2. Nc3 e6 3. d4 d5 4. Bg5 c5 5. cxd5 Qb6 6. Qb3 cxd4 7. Qxb6 axb6 8. Bxf6 gxf6 9. Nb5 Bb4+ 10. Kd1 Ra5 11. e4 Bd7 12. a4 e5 13. Nf3 Na6 14. Nd2 0-0 15. f3 Nc5 16. Nc4 Rxa4 17. Rxa4 Nxa4 18. Ncd6 Nxb2+ 19. Kc2 Na4 20. Be2 Nc3 21. Bc4 Ra8 22. Nxc3 Bxd6 23. Nb1 Ra4 24. Bb3 Ra5 25. g4 Kf8 26. Nd2 Ba4 27. Nc4 Rc5 28. Kb2 Rb5 29. Nxd6 Rxb3+ 30. Ka2 d3 31. Rc1 d2 32. Rc8+ Ke7 0-1

[Event "BCF-ch Seniors"]
[Site "Aberystwyth"]
[Date "2014.07.27"]
[Round "2"]
[White "Campbell, Ian"]
[Black "Surtees, Michael"]
[Result "0-1"]
[WhiteElo "2001"]
[BlackElo "2091"]
[PlyCount "74"]
[EventDate "2014.07.26"]
[EventType "swiss"]
[EventRounds "7"]
[EventCountry "WLS"]
[SourceTitle "EXT 2017"]
[Source "ChessBase"]
[SourceDate "2016.10.25"]
[SourceVersion "1"]
[SourceVersionDate "2016.10.25"]
[SourceQuality "1"]

1. d4 c6 2. Nf3 Nf6 3. e3 g6 4. Nbd2 Bg7 5. b3 d6 6. Bb2 Nbd7 7. Be2 0-0 8. 0-0 b6 9. Re1 Qc7 10. c4 Bb7 11. Qc2 Rad8 12. Bf1 Rfe8 13. Rad1 a6 14. a4 a5 15. Ba3 Nb8 16. c5 bxc5 17. dxc5 d5 18. b4 axb4 19. Bxb4 Na6 20. Ba3 Ra8 21. Rb1 Bc8 22. Rb6 Nd7 23. a5 Nxb6 24. axb6 Qd7 25. Nb3 Nb8 26. Bb4 Ba6 27. Rb1 Bxf1 28. Kxf1 e5 29. Bc3 Qg4 30. Nfd2 d4 31. f3 Qh5 32. exd4 exd4 33. Bb2 Qxh2 34. Ne4 Qh1+ 35. Kf2 Qh4+ 36. Kf1 Rd8 37. Qc4 Qh1+ 0-1

[Event "BCF-chT3 1314 (4NCL)"]
[Site "England"]
[Date "2014.05.04"]
[Round "10.138"]
[White "Campbell, Ian"]
[Black "Taylor, William J"]
[Result "1/2-1/2"]
[WhiteElo "1999"]
[BlackElo "2004"]
[PlyCount "33"]
[EventDate "2013.11.16"]
[EventType "team-swiss"]
[EventRounds "11"]
[EventCountry "ENG"]
[SourceTitle "EXT 2015"]
[Source "ChessBase"]
[SourceDate "2014.11.20"]
[SourceVersion "1"]
[SourceVersionDate "2014.11.20"]
[SourceQuality "1"]
[WhiteTeam "Ferry Cross the Maroczy"]
[BlackTeam "West is Best"]
[WhiteTeamCountry "ENG"]
[BlackTeamCountry "ENG"]

1. d4 Nf6 2. Nf3 g6 3. Nbd2 d5 4. e3 Bg7 5. Bd3 c5 6. c3 cxd4 7. cxd4 Nc6 8. 0-0 0-0 9. a3 a5 10. h3 Ne8 11. Rb1 a4 12. b4 axb3 13. Qxb3 Na5 14. Qb4 Nc6 15. Qb3 Na5 16. Qb4 Nc6 17. Qb3 1/2-1/2

[Event "BCF-chT3N 1314 (4NCL)"]
[Site "England"]
[Date "2014.02.08"]
[Round "5.98"]
[White "Campbell, Ian"]
[Black "Bramson, Mike"]
[Result "1/2-1/2"]
[WhiteElo "2005"]
[BlackElo "1815"]
[PlyCount "64"]
[EventDate "2013.11.16"]
[EventType "team-swiss"]
[EventRounds "6"]
[EventCountry "ENG"]
[SourceTitle "EXT 2015"]
[Source "ChessBase"]
[SourceDate "2014.11.20"]
[SourceVersion "1"]
[SourceVersionDate "2014.11.20"]
[SourceQuality "1"]
[WhiteTeam "Ferry Cross the Maroczy"]
[BlackTeam "Bradford DCA Knights III"]
[WhiteTeamCountry "ENG"]
[BlackTeamCountry "ENG"]

1. d4 d5 2. Nf3 Nf6 3. e3 c6 4. Bd3 Bg4 5. Nbd2 Nbd7 6. c4 e6 7. h3 Bh5 8. 0-0 Bd6 9. Qb3 Rb8 10. Re1 0-0 11. Qa4 a6 12. Qc2 Rc8 13. c5 Bb8 14. b4 e5 15. dxe5 Nxe5 16. Nxe5 Bxe5 17. Bb2 Qc7 18. Rac1 Rce8 19. a4 Bg6 20. Bxg6 fxg6 21. Nf3 Bxb2 22. Qxb2 Ne4 23. Re2 Rf6 24. Nd2 Qe7 25. Nxe4 Qxe4 26. Rd1 Qf5 27. Rd4 Re4 28. b5 axb5 29. axb5 h6 30. bxc6 bxc6 31. Rxe4 Qxe4 32. Rd2 Qc4 1/2-1/2